000
00318nam a2200145Ia 4500
008
230718s9999 xx 000 0 und d
041
_a
Eng.
082
_a
1734
_b
ETH-L
100
_a
Ethic, Legal
245
0
_a
Legal Ethics
260
_a
Pakistan
_b
Central Law
_c
2015
300
_a
148
650
_a
Law
999
_c
30811
_d
30811